Resisting linguistic imperialism in english teaching

Đã lưu trong:
Chi tiết về thư mục
Tác giả chính: Canagarajah, A. Suresh (Tác giả)
Định dạng: Sách
Ngôn ngữ:Tiếng Anh
Được phát hành: Oxford Oxford University 1999
Phiên bản:1a. ed
Loạt:Oxford Applied Linguistics
Những chủ đề:
Các nhãn: Thêm thẻ
Không có thẻ, Là người đầu tiên thẻ bản ghi này!

MARC

LEADER 00000cam a2200000 a 4500
001 UCN7367
003 CL-VaPUC
008 011018e19990000UK |||||||||||||||||eng|d
020 |a 9780194421546 
082 0 4 |a 428  |b CAN  |2 21 
100 0 |a Canagarajah, A. Suresh  |e author  |9 463312 
245 1 0 |a Resisting linguistic imperialism in english teaching 
250 |a 1a. ed 
300 |a 216 p 
942 |c BK 
945 |d 20011018 00:00:00  |a cmena 
260 |a Oxford  |b Oxford University  |c 1999 
650 7 |a INGLES - METODOS DE ENSEÑANZA  |2 CL-VaPUC  |9 463313 
650 0 |a Educación lingüística  |9 306506 
650 0 |a Enseñanza del inglés  |9 367340 
650 0 |a Sociolingüística  |9 263716 
583 |a last modification  |c 20151030 12:02:46  |k Rodrigo Vera 
490 0 |a Oxford Applied Linguistics 
999 |c 297736  |d 297734 
952 |0 0  |1 0  |4 0  |6 428_000000000000000_CAN_1999  |7 0  |8 A  |9 352691  |a FDOPOS  |b FDOPOS  |d 2019-11-21  |i 3764214  |o 428 CAN 1999  |p 3764214  |r 2025-01-22  |w 2019-11-21  |y BK  |k MLA 
952 |0 0  |1 0  |3 erb  |4 0  |6 428_000000000000000_CAN_1999  |7 0  |8 A  |9 352692  |a BIBEDU  |b BIBEDU  |i 5245672  |o 428 CAN 1999  |p 5245672  |r 2019-11-21  |w 2019-11-21  |y BK  |z Catalogado en:20151029  |k LIT 
952 |0 0  |1 0  |3 erb  |4 0  |6 428_000000000000000_CAN_1999  |7 0  |8 A  |9 352693  |a BIBEDU  |b BIBEDU  |i 5246857  |o 428 CAN 1999  |p 5246857  |r 2019-11-21  |w 2019-11-21  |y BK  |z Catalogado en:20151106  |k LIT